000 00335nam a2200133Ia 4500
008 240624s9999 xx 000 0 und d
041 _aeng
082 _a155.25 ROB
100 _aARONICA LOU
245 _aELEMENT HOW FINDING YOUR PASSION CHANGES
260 _c2010
_aNew Delhi
_bPenguin India
300 _a288 : p.
365 _cRS
_b25
999 _c22896
_d22896